000 00569nam a2200181Ia 4500
003 GCL
008 140319s9999 xx 000 0 ara d
040 _aGCL /
_cGCL
082 0 4 _a700.18
_bم ح
100 1 _aمنظمة اليونسكو
245 1 0 _aحماية الفنون الاهلية وتنميتها /
_cمنظمة اليونسكو
300 _a101 ص
490 _aالهيئة العامة للاستعلامات
_v0
650 0 4 _aالفن الافريقى
650 0 4 _aالفن والمجتمع
650 0 4 _aالفن الفرنسى
942 _2ddc
_cBK
999 _c47607
_d47607